000 00744nam a2200193 i 4500
001 56350
003 ES-MaACL
005 20260127062529.0
007 t|
008 031007s1902 sp ||||1| spa d
100 1 _aDíez Macuso, José.
_944746
245 1 0 _aDiscursos leídos en el acto de dar... posesión de la investidura de académico de mérito al...
_b: celebrada el 21 de junio de 1902 /
_cJosé Díez Macuso.
260 _aMadrid :
_b[s.n.,
_c1902] (
_fImp. de los Hijos de M.G. Hernández)
300 _a51 p. ;
_c23 cm.
500 _aPrecede al tít.: Real Academia de Jurisprudencia.
700 _aReal Academia de Jurisprudencia y Legislación de España
_9217612
852 _aES-MaACL
_jFol-Laf-318
999 _c56350
_d56350